Normal view
MARC view
Entry Personal Name
001 - CONTROL NUMBER
- control field: 80590
003 - CONTROL NUMBER IDENTIFIER
- control field: dpl
005 - DATE AND TIME OF LATEST TRANSACTION
- control field: 20250415161250.0
008 - FIXED-LENGTH DATA ELEMENTS
- fixed length control field: 250415|| aca||aabn | a|a d
040 ## - CATALOGING SOURCE
- Original cataloging agency: dpl
- Transcribing agency: dpl
100 ## - HEADING--PERSONAL NAME
- Personal name: Ansari,Ahmed Iftekhar
670 ## - SOURCE DATA FOUND
- Source citation: Work cat.: (dpl)210956: Ansari,Ahmed Iftekhar, Women and development:, 2015
